Представление документа в формате MARC21

ПолеНазваниеЗначение
  Тип записи a
  Библиографический уровень m
001 Контрольный номер RU/URAIT/543191
003 Принадлежность контрольного номера https://urait.ru/bcode/543191
005 Дата корректировки 20240827112722.2
008 Кодируемые данные
020 Индекс ISBN __
a ISBN 978-5-534-16567-8
c Цена, тираж 499.00
040 Источник каталогиз. __
a Служба первич. каталог. ИКО Юрайт
b Код языка каталог. rus
c Служба, преобразующая запись ИКО Юрайт
041 Код языка издания 0_
a Код языка текста rus
044 Код страны публикации __
a Код страны публикации RU
073 _1
a 9785534165678
d 499.00
080 Индекс УДК __
a Индекс УДК 34(075.8)
084 Индекс другой классификации/Индекс ББК __
a Индекс другой классификации/Индекс ББК 67я73
2 Источник индекса rubbk
091 Индексы/ коды __
a Индекс ББК (DOS) 67я73
z rubbk
100 Автор 1_
a Автор Нагайцев В. В.
q Полное имя Виктор Валентинович
230 __
a Электрон. дан.
245 Заглавие 00
a Заглавие Юридическая конфликтология
b Продолж. заглавия учебное пособие
c Ответственность В. В. Нагайцев, Г. В. Оболянский.
250 Сведения об издании __
a Основные сведения об издании 2-е изд.
b Дополнительные сведения об издании пер. и доп
260 Выходные данные 1_
a Место издания Москва
b Издательство Юрайт
c Дата издания 2024
300 Физическое описание __
a Объем 141 с
440 Серия _0
a Серия Высшее образование
500 Примечания __
a Примечание URL: https://urait.ru/bcode/543191 (дата обращения: 27.08.2024).
520 Аннотация __
a Аннотация В учебном пособии излагаются основные положении учебной дисциплины — юридической конфликтологии. Рассматриваются природа и механизмы юридических конфликтов, их причины, структура и виды, а также способы и средства их разрешения. Соответствует актуальным требованиям федерального государственного образовательного стандарта высшего образования. Предназначено для студентов, аспирантов и преподавателей высших учебных заведений, а также для всех, кто интересуется проблемами регулирования социальных конфликтов в обществе.
538 Прим. о системных особенностях __
a Прим. о системных особенностях Режим доступа: Электронно-библиотечная система Юрайт, для авториз. пользователей
653 Ключевые слова 2_
a Ключевые слова Конфликтология
653 Ключевые слова 2_
a Ключевые слова Общественные науки
653 Ключевые слова 2_
a Ключевые слова Юридическая конфликтология
653 Ключевые слова 2_
a Ключевые слова Виктимология в конфликтном пространстве
700 Другие авторы 1_
a Другие авторы Оболянский Г. В.
q Полное имя Геннадий Васильевич
856 Электронный адрес документа 40
n Местонахождение сервера Юрайт
g Электронная книга
q Тип электронного формата html
h Имя пользователя ЮРАЙТ
v Часы доступа к ресурсу 20251231
2 Способ доступа Показать документ
x Служебное примечание https://urait.ru/book/cover/F74F05E8-5DF6-435C-A453-3E8627895003
u URL https://urait.ru/bcode/543191
856 Электронный адрес документа 41
q Тип электронного формата cover
u URL https://urait.ru/book/cover/F74F05E8-5DF6-435C-A453-3E8627895003